00346nam a2200121Ia 4500003000400000008004100004040001600045082001700061245006900078260006100147300001100208490000500219GCL140319s9999 xx 000 0 ara d aGCL / cGCL04a398.9bن م10aالمختار من طرائف الامثال والاخبار a[S.N] : bدار الكتاب اللبنانى ، c1987 a225 ص a